000 00331nam a2200145Ia 4500
008 230917s9999||||xx |||||||||||||| ||und||
040 _e96739
_aMAIN
041 _aEnglish
082 _a380 R827F
100 _aRuchi
245 0 _aFinancing of small scale industry at Sonepat
260 _c1998
300 _a44 p.
942 _cTH
999 _c88496
_d88496